[Event "Biel"]
[Site "47"]
[Date "2014.07.18"]
[Round "5"]
[White "Vachier Lagrave, Maxime"]
[Black "Giri, Anish"]
[Result "1-0"]
[WhiteElo "2766"]
[BlackElo "2750"]
[Annotator "JvR"]
[PlyCount "122"]
[EventDate "2014.07.14"]
[SourceDate "2013.10.27"]

{If Giri wins this game, he will take over the lead.} 1. e4 e5 2. Nf3 Nc6 3.
Bb5 Nf6 4. O-O Nxe4 5. Re1 Nd6 6. Nxe5 Be7 7. Bf1 Nxe5 8. Rxe5 O-O 9. Nc3 Ne8
10. Nd5 Bd6 11. Re2 $5 ({Usual is} 11. Re1) 11... c6 12. Ne3 Bc7 13. Nf5 d5 14.
Ne7+ Kh8 15. Nxc8 Rxc8 16. d3 f5 17. g3 Qf6 18. Bd2 $5 Nd6 (18... Qxb2 $2 19.
Rb1 Qxa2 $2 20. Bb4 $1 {imprisons a queen.}) 19. Bc3 $1 d4 20. Bd2 $1 Nf7 21.
f4 $1 Rce8 22. Bg2 Nd6 23. a3 $5 Bb6 24. Rxe8 Rxe8 25. Qf1 Kg8 26. Re1 Re6 27.
a4 $5 a6 28. Bf3 $1 {White conquers territory slowly.} g6 29. Kg2 Kf7 30. Rxe6
Qxe6 31. Qa1 {Vachier Lagrave has advantages in the endgame.} Bc5 $6 {
Giri spoils time.} (31... Ne8 32. Qa3 Nf6 {activates the knight.}) 32. b4 Bb6
33. Be1 $1 Nc8 34. Bf2 $1 Qd7 35. h3 $1 h5 $5 36. b5 $1 axb5 37. axb5 cxb5 38.
Qa8 $1 Bc5 39. Bxb7 Nb6 40. Qa2+ Kg7 41. Qa6 b4 42. Bf3 Kf8 43. Qa5 Qe7 44. Kf1
Kf7 45. Kg2 Kf8 46. g4 $1 hxg4 47. hxg4 fxg4 $5 48. Bxg4 Qc7 49. Bf3 Kg7 50.
Qb5 Nc8 51. Qc4 Qb6 52. Qd5 Qd6 53. Qe5+ $1 Qxe5 54. fxe5 {
White has a dangerous passed pawn and two bishops in the ending.} Na7 $5 55.
Bd5 $5 Nb5 $2 ({Better is} 55... g5 $5 56. Kf3 Nb5 57. Kg4 Nc3 58. Bf3 Kg6 {
and Black has a fortress (Vachier Lagrave).}) 56. Bh4 $1 g5 $6 (56... Nc3 {
prolongs the game.}) 57. Bxg5 Kg6 58. Bd8 Kf5 59. e6 Na3 60. Bb3 Nxc2 61. Bxc2
Kxe6 {Vachier Lagrave had increased his lead at the end of the first cycle.}
1-0

[Event "Biel"]
[Site "47"]
[Date "2014.07.21"]
[Round "7"]
[White "Motylev, Alexander"]
[Black "Vachier Lagrave, Maxime"]
[Result "0-1"]
[WhiteElo "2698"]
[BlackElo "2766"]
[Annotator "JvR"]
[PlyCount "70"]
[EventDate "2014.07.14"]
[SourceDate "2013.10.27"]

1. e4 c5 2. Nf3 d6 3. d4 cxd4 4. Nxd4 Nf6 5. Nc3 a6 6. Be3 Ng4 7. Bg5 h6 8. Bh4
g5 9. Bg3 Bg7 10. Be2 h5 11. h4 Nc6 12. Nb3 gxh4 13. Bxh4 Be6 14. Qd2 Qb6 15.
Nd5 Bxd5 16. exd5 Nd4 17. c3 $5 Nf5 (17... Nxb3 $5 18. axb3 Qxb3 19. Ra3 Qb6
20. Ra4 {leaves the initiative to White.}) 18. Bxg4 hxg4 19. Qg5 e6 $5 20. Qxg4
Bf6 21. dxe6 $5 {Motylev sacrifices a piece.} Nxh4 22. O-O-O $1 {
White has the initiative.} Qxf2 $1 23. Rxd6 $5 ({Preferable is} 23. exf7+ $1
Kxf7 24. Rhf1 Qe3+ 25. Kb1 Qe6 26. Qb4 {(Vachier Lagrave).}) 23... Rd8 $5 24.
Rxd8+ Bxd8 25. Nd2 $1 Qe3 $1 {Black protects the e-file.} 26. exf7+ Kxf7 27.
Rf1+ Bf6 28. Qd7+ $5 Qe7 29. Qd3 $2 (29. Qg4 $1 Qe6 30. Qe4 Ng6 31. Qxb7+ {
continues the fight.}) 29... Kg7 $1 30. Ne4 Be5 31. Qe2 Ng6 32. g3 $6 ({
More solid is} 32. Kb1 Re8 33. Re1) 32... Re8 $1 33. Qg4 Qe6 34. Qh5 $5 Qxa2
35. Nc5 $2 Qa1+ {Vachier Lagrave increased his lead to one-and-a-half points.}
0-1

[Event "Biel"]
[Site "47"]
[Date "2014.07.22"]
[Round "8"]
[White "Vachier Lagrave, Maxime"]
[Black "Hou, Yifan"]
[Result "1/2-1/2"]
[WhiteElo "2766"]
[BlackElo "2629"]
[Annotator "JvR"]
[PlyCount "81"]
[EventDate "2014.07.14"]
[SourceDate "2013.10.27"]

1. Nf3 Nf6 2. c4 e6 3. d4 d5 4. Nc3 Bb4 5. Bg5 h6 6. Bxf6 Qxf6 7. e3 O-O 8. Rc1
dxc4 9. Bxc4 c5 10. O-O cxd4 11. exd4 Rd8 12. Qe2 Nc6 13. Ne4 Qe7 14. Rfd1 Ba5
15. Nc3 $5 ({An alternative is} 15. Bb5 Bd7 16. Nc5) 15... Bd7 16. Bd3 Be8 17.
Qe4 f5 18. Qe3 Bh5 19. Ne2 $5 {Pawn d4 gets protection.} ({Less favourable is} 
19. Bc4 $6 Bxf3 20. Bxe6+ Kh8 21. gxf3 Nxd4 22. Nd5 Qxe6 23. Rxd4 Qf7) 19...
Bxf3 20. Qxf3 Nxd4 21. Nxd4 Rxd4 22. Bxf5 $1 Rxd1+ 23. Qxd1 Rf8 ({Or} 23...
exf5 24. Qd5+ Qf7 25. Qxa5) 24. Be4 Bb6 25. Bf3 Qf6 26. Qe2 Bd4 27. b3 Kh8 28.
h3 b6 29. Rc6 Be5 30. Qe4 Qf5 31. Kf1 Rd8 32. h4 Kg8 33. Qxf5 exf5 34. Bh5 Bf6
35. Rc7 Bxh4 36. Rxa7 Kh7 37. Ra6 Rd6 38. a4 Be7 39. Be2 Kg6 40. a5 bxa5 41.
Rxa5 {Vachier Lagrave kept the lead.} 1/2-1/2

[Event "Biel"]
[Site "47"]
[Date "2014.07.23"]
[Round "9"]
[White "Giri, Anish"]
[Black "Vachier Lagrave, Maxime"]
[Result "1-0"]
[WhiteElo "2750"]
[BlackElo "2766"]
[Annotator "JvR"]
[PlyCount "103"]
[EventDate "2014.07.14"]
[SourceDate "2013.10.27"]

1. d4 Nf6 2. c4 g6 3. f3 e6 4. e4 d5 5. cxd5 exd5 6. Nc3 dxe4 7. fxe4 Bb4 {
Vachier Lagrave has developed a new openings line.} 8. Bd3 $5 {
Giri has found a new answer.} (8. Bg5 {
happened in Svidler - Vachier Lagrave, Alekhine Memorial 2013.}) 8... Nxe4 $1
9. Qe2 $1 ({More solid is} 9. Nge2) 9... O-O $1 10. Bxe4 Re8 11. Nf3 Bf5 12.
Bg5 Bxc3+ 13. bxc3 f6 14. Nd2 $1 fxg5 15. O-O $1 {White has the initiative.}
Nd7 $6 (15... Nc6 {develops properly.}) 16. Qc4+ Be6 17. Bd5 Bxd5 18. Qxd5+ Kh8
19. Rae1 $5 c6 20. Qb3 Nb6 21. Nf3 Rxe1 22. Rxe1 Qf6 23. Qe6 Qxe6 24. Rxe6 {
White has little advantage in the endgame.} g4 25. Ne5 Nd5 26. c4 $1 Nf4 27.
Re7 Ne2+ 28. Kf2 Nxd4 29. Rxb7 a5 $5 30. Nd7 Ne6 $1 31. Kg3 Rd8 (31... h5 $2
32. Nf6 Nf8 33. Kh4 {starts a mate attack.}) 32. Nf6 Ng5 33. Kxg4 h6 34. Nd7
Nf7 35. Kf4 g5+ $1 36. Ke3 $5 Nd6 $2 (36... Re8+ $1 37. Kd3 Re1 38. Nb8 {
(Vachier Lagrave)} Nd6 39. Rd7 c5 {tries to survive.}) 37. Rb8 $1 Rxb8 38. Nxb8
Nxc4+ 39. Kd4 Nb6 40. Nxc6 {White wins the knight ending.} a4 41. Kc5 Nc8 42.
Kb4 Nb6 43. Kc5 Nc8 44. Kb4 Nb6 45. Kb5 $1 Nd5 46. Kxa4 Kg7 47. Nb4 Ne3 48. Kb5
Kf7 49. a4 Ke6 50. a5 Kd7 51. a6 Kc8 52. Kc5 $1 {
Giri will play 53.Nd5! Vachier Lagrave kept the lead, despite the loss.} 1-0

[Event "Biel"]
[Site "47"]
[Date "2014.07.23"]
[Round "9"]
[White "Hou, Yifan"]
[Black "Motylev, Alexander"]
[Result "1-0"]
[WhiteElo "2629"]
[BlackElo "2698"]
[Annotator "JvR"]
[PlyCount "99"]
[EventDate "2014.07.14"]
[SourceDate "2013.10.27"]

1. e4 c6 2. d4 d5 3. Nc3 dxe4 4. Nxe4 Bf5 5. Ng3 Bg6 6. N1e2 Nf6 7. Nf4 e5 8.
Nxg6 hxg6 9. dxe5 Qa5+ 10. Bd2 Qxe5+ 11. Qe2 Nbd7 12. O-O-O O-O-O 13. Qxe5 Nxe5
14. h3 Bc5 15. f4 Ned7 16. Bc4 Bf2 17. Nf1 $5 (17. Be1 {
drew in Rublevsky - Bareev, Khanty Mansiysk 2005.}) 17... Rhf8 18. Bb4 Bc5 19.
Bxc5 Nxc5 20. Ng3 b5 21. Rxd8+ Kxd8 22. Be2 Kc7 23. Rd1 Nd5 24. Rf1 f5 25. Bf3
Nxf4 26. Bxc6 Nfd3+ 27. cxd3 Kxc6 28. Kc2 Re8 29. Kd2 Rd8 30. Rf3 Nb7 31. Ne2
Nd6 $2 ({Correct is} 31... Nc5) 32. Nf4 $1 Nc4+ 33. Kc2 Ne5 34. Re3 Kd6 35. Rg3
Rf8 $2 (35... Nc6 36. Rxg6+ Ke5 $1 37. g3 Nd4+ {only costs one pawn.}) 36. d4
$1 Rc8+ 37. Kd1 Nd7 38. Rxg6+ Nf6 39. Rxg7 Rc4 40. Ne2 Ra4 41. a3 b4 42. axb4
Rxb4 43. Kc2 Nd5 44. g3 Ne3+ 45. Kd3 Nd1 46. b3 Nf2+ 47. Kc3 a5 48. Ra7 Nd1+
49. Kd2 Nf2 50. Kc2 {Hou Yifan has two extra pawns in the endgame.} 1-0

[Event "Biel"]
[Site "47"]
[Date "2014.07.23"]
[Round "9"]
[White "Wojtaszek, Radoslaw"]
[Black "Harikrishna, Penteala"]
[Result "1-0"]
[WhiteElo "2733"]
[BlackElo "2726"]
[Annotator "JvR"]
[PlyCount "80"]
[EventDate "2014.07.14"]
[SourceDate "2013.10.27"]

1. d4 Nf6 2. c4 g6 3. Nc3 d5 4. cxd5 Nxd5 5. e4 Nxc3 6. bxc3 Bg7 7. Bb5+ Nc6 8.
Nf3 O-O 9. O-O Na5 10. Bf4 $5 Bd7 11. Be2 c5 12. d5 $1 {
Wojtaszek plays the Grünfeld in a sharp way.} Bg4 $6 ({The pointe is} 12...
Bxc3 $6 13. Rc1 Bb4 14. Bh6) (12... e6 $1 {charges the centre.}) 13. e5 $1 {
White has an advanced centre.} Qd7 14. Re1 Rad8 15. h3 Bf5 16. c4 $1 {
He occupies the central area.} e6 17. Qd2 b6 18. d6 $6 (18. Rad1 $1 {
consolidates the centre.}) 18... Be4 19. Ng5 Bb7 20. Rad1 Kh8 $6 (20... h6 $1
21. Nf3 Bxf3 22. Bxf3 Nxc4 23. Qc3 Na5 {
gains a pawn as compensation for the positional problems.}) 21. Qe3 Nc6 22. Nf3
Nb4 23. Rd2 Qa4 $5 24. Bd1 Qa6 25. Bg5 Rd7 26. Bf6 $1 Bxf6 27. exf6 Bxf3 28.
Bxf3 Qc8 29. Qe4 $6 Rg8 30. a3 Na6 31. Bd1 Nb8 32. Ba4 Rdd8 33. g4 Qa6 34. Qc2
Qb7 35. Qc3 Nc6 $6 {Black allows a beautiful finish.} 36. Bxc6 Qxc6 37. Rxe6 $1
Rgf8 (37... fxe6 38. f7+ Rg7 39. d7 $1 Qa8 40. Qf6 {leads to a decisive attack.
}) 38. Qe5 Qf3 39. Qe3 Qc6 40. Re7 Rd7 {
The Polish grandmaster scored a fine result.} (40... Rd7 41. Qh6 Rg8 42. Re8 $1
{mates quickly (Krasenkow).}) 1-0

[Event "Biel"]
[Site "47"]
[Date "2014.07.24"]
[Round "10"]
[White "Harikrishna, Penteala"]
[Black "Hou, Yifan"]
[Result "1-0"]
[WhiteElo "2726"]
[BlackElo "2629"]
[Annotator "JvR"]
[PlyCount "145"]
[EventDate "2014.07.14"]
[SourceDate "2013.10.27"]

1. e4 c5 2. Nf3 d6 3. d4 cxd4 4. Nxd4 Nf6 5. Nc3 a6 6. Bc4 e6 7. O-O Nc6 8.
Nxc6 bxc6 9. Qe2 d5 10. Bb3 $5 Be7 11. Ba4 Bd7 12. e5 $1 Ng8 13. Qg4 g6 14. Ne2
h5 15. Qf3 Nh6 16. Bxh6 Rxh6 17. c4 Kf8 18. Nd4 Rc8 19. Rac1 c5 $1 20. Bxd7
Qxd7 21. Ne2 d4 22. b4 h4 23. bxc5 Rh5 24. Rfd1 Rxe5 $6 ({Better is} 24... Bxc5
) 25. Nxd4 Qe8 26. Qf4 Rcxc5 27. Nb3 {The game enters a tactical phase.} Rf5 $5
28. Qh6+ Kg8 29. Nxc5 Bxc5 $2 {Black loses an exchange.} ({The risky line} 
29... Bg5 $1 30. Qxg5 Rxg5 31. Ne4 Qe7 32. Nxg5 Qxg5 33. c5 h3 34. g3 Qg4 35.
c6 Qf3 36. Kf1 Qg2+ 37. Ke1 Qe4+ 38. Kd2 Qd4+ 39. Kc2 Qc4+ 40. Kb2 Qb5+ $1 41.
Ka1 Qe5+ {leads to perpetual check.}) 30. Rc2 Be7 31. Qe3 Qc6 32. Kh1 Kh7 33.
Rd4 Kg7 34. Qe4 Qb6 35. Rd1 Bf6 36. Qe3 Qc6 37. c5 Kh7 38. h3 Be7 39. Rd4 Kg8
40. Rdc4 a5 41. Qc3 Rd5 42. Qf3 Qd7 43. Rc1 Rf5 44. c6 $5 Rxf3 45. cxd7 Rd3 46.
Rc7 Bd8 47. Rb7 Kf8 48. Kg1 Ke7 49. Kf1 Rd2 50. Rc8 g5 51. Ke1 Rd5 52. Ke2 f5
53. Ke3 Rd1 54. Ke2 Rd4 55. Rbb8 $5 Rxd7 56. Rc3 Rd4 57. Rd3 Re4+ 58. Kd2 Rf4
59. f3 Bc7 60. Rb7 Rc4 61. Rc3 Rxc3 62. Kxc3 Kd6 63. Kc4 Kc6 64. Ra7 Bb6 65.
Ra8 Bc7 66. Ra7 Kb6 67. Ra8 Kc6 68. a4 Kd7 69. Ra6 Bd8 70. Kb5 Bc7 71. Kc5 Bd8
72. Ra7+ Bc7 73. Rb7 {Hou Yifan has been outplayed. The final standings became:
Vachier Lagrave 6/10, Wojtaszek 51/2, Harikrishna, Giri and Hou Yifan 5,
Motylev 31/2. Vachier Lagrave won Biel for the third time.} 1-0